[Event "Mistrzostwa Polski Mlodzikow do lat 10 - Chlopcy"]
[Site "Karpacz"]
[Date "1899-12-30"]
[Round "6.29"]
[White "Sowinski, Pawel"]
[Black "Zieba, Hubert"]
[Result "0-1"]
[WhiteTitle "III"]
[BlackTitle "II"]
[WhiteElo "1192"]
[BlackElo "1171"]

1. e4 c5 2. Nf3 Nc6 3. Bc4 g6 4. c3 Bg7 5. d4 cxd4 6. cxd4 d6 7. Nc3 Nf6 8. Bf4
Nd7 9. Be3 O-O 10. Bd3 a6 11. O-O b5 12. a3 Bb7 13. Qd2 Qb8 14. Bh6 Rc8 15. Bxg7
Kxg7 16. Rac1 Qa7 17. Ne2 Qb6 18. Qg5 Qd8 19. h4 h6 20. Qg3 Qh8 21. h5 g5 22.
e5 dxe5 23. dxe5 e6 24. Nc3 Kf8 25. Rfe1 Ne7 26. Ne4 Nf5 27. Qh2 Rxc1 28. Rxc1
Rc8 29. Rxc8+ Bxc8 30. g4 Ne7 31. Nd6 Nc5 32. Bc2 Bd7 33. b4 Na4 34. Be4 Bc6 35.
Bxc6 Nxc6 36. Ne4 Nb2 37. Nf6 Ke7 38. Ne4 Nc4 39. Nc5 N6xe5 40. Nxe5 Qxe5 41.
Qxe5 Nxe5 42. Nxa6 Nc4 43. Kg2 Nxa3 44. Kg3 Kd6 45. f4 f6 46. fxg5 fxg5 47. Kf3
Nb1 48. Nc5 Nc3 49. Nb7+ Ke7 50. Ke3 Nd5+ 0-1

[Event "Mistrzostwa Polski Mlodzikow do lat 10 - Chlopcy"]
[Site "Karpacz"]
[Date "1899-12-30"]
[Round "6.30"]
[White "Bartodziej, Bartosz"]
[Black "Ratajczak, Marcin"]
[Result "1-0"]
[WhiteTitle "II"]
[BlackTitle "III"]
[WhiteElo "1263"]
[BlackElo "1122"]

1. d4 Nf6 2. c4 e6 3. Nf3 c5 4. Bg5 h6 5. Bh4 d5 6. cxd5 exd5 7. e3 Bg4 8. Be2
Nbd7 9. O-O a6 10. Nc3 b5 11. Nxd5 Be7 12. Nc3 O-O 13. Rc1 Rc8 14. a4 b4 15. Na2
Nd5 16. Bg3 a5 17. Ba6 Ra8 18. Bb7 N7b6 19. Bxa8 Qxa8 20. dxc5 Nd7 21. c6 N7f6
22. Re1 Rc8 23. e4 Nb6 24. c7 Ne8 25. b3 Qb7 26. Qc2 Bxf3 27. gxf3 Na8 28. Qd3
Naxc7 29. Qd7 Bf8 30. Rc2 Nf6 31. Qc6 Qxc6 32. Rxc6 Nfe8 33. Rec1 Rd8 34. Bxc7
Nxc7 35. Rxc7 Kh7 36. R1c2 Rd1+ 37. Kg2 f6 38. Nc1 Bd6 39. Rd7 Rd4 40. Rc6 Be5
41. Rxd4 Bxd4 42. Ra6 Kg6 43. Rxa5 Be5 44. Rxe5 fxe5 45. a5 h5 46. a6 Kg5 47.
a7 Kh4 48. a8=Q g6 49. Qg8 g5 50. Na2 g4 51. Qd8# 1-0

[Event "Mistrzostwa Polski Mlodzikow do lat 10 - Chlopcy"]
[Site "Karpacz"]
[Date "1899-12-30"]
[Round "6.31"]
[White "Michno, Mateusz"]
[Black "Borowik, Karol"]
[Result "0-1"]
[WhiteTitle "III"]
[BlackTitle "III"]
[WhiteElo "1213"]
[BlackElo "1016"]

1. e4 e5 2. Nf3 Nc6 3. Bb5 Bc5 4. O-O Nf6 5. Nc3 O-O 6. d3 h6 7. Be3 Bb6 8. Bxc6
bxc6 9. Nxe5 Re8 10. Nf3 d5 11. exd5 cxd5 12. d4 Bg4 13. h3 Bh5 14. a4 c6 15.
Bf4 Ne4 16. Qd3 f5 17. Nd2 g5 18. Be5 Bg6 19. Kh1 h5 20. g3 Kf7 21. f4 g4 22.
hxg4 hxg4 23. Kg2 Bc7 24. Rh1 Bxe5 25. fxe5 Kg7 26. Ne2 Qe7 27. Rh2 Rh8 28. Rah1
Qg5 29. Nf4 Qe7 30. Nxg6 Kxg6 31. Qe3 Rxh2+ 32. Rxh2 Qg7 33. Nxe4 dxe4 34. Qc3
Qd7 35. Qc5 Qd5 36. Qxd5 cxd5 37. Kf2 Rc8 38. Ke1 Rc4 39. Rd2 Rxa4 40. Re2 Rxd4
41. Re3 Kf7 42. Ra3 Ke6 43. Rxa7 Kxe5 44. Ra1 f4 45. gxf4+ Kxf4 46. Ke2 e3 47.
Rf1+ Ke4 48. Rg1 Rd2+ 49. Ke1 Kf3 50. Rf1+ Rf2 51. Rh1 Kg2 52. Rh5 g3 53. Rh8
Kf3 54. Rf8+ Kg2 55. Rb8 Kg1 56. b4 Kh1 57. Rh8+ Rh2 58. Rf8 g2 59. Rg8 g1=Q+
60. Rxg1+ Kxg1 61. b5 Rxc2 62. b6 Rb2 63. b7 Rxb7 64. Ke2 d4 65. Kd3 Re7 66. Kxd4
e2 0-1

[Event "Mistrzostwa Polski Mlodzikow do lat 10 - Chlopcy"]
[Site "Karpacz"]
[Date "1899-12-30"]
[Round "6.32"]
[White "Sokolowski, Hubert"]
[Black "Wydmanski, Szymon"]
[Result "0-1"]
[WhiteTitle "III"]
[BlackTitle "II"]
[WhiteElo "1057"]
[BlackElo "1181"]

1. e4 c5 2. Nf3 a6 3. d4 cxd4 4. Nxd4 Nf6 5. Bd3 e5 6. Nf3 d5 7. Nc3 dxe4 8. Nxe4
Nxe4 9. Bxe4 Qxd1+ 10. Kxd1 Bd6 11. Re1 O-O 12. Ke2 Be6 13. Kf1 f5 14. Rd1 fxe4
15. Rxd6 Bc4+ 16. Kg1 exf3 17. gxf3 Nc6 18. Rd1 Rxf3 19. Be3 Rf6 20. b3 Rg6+ 21.
Kh1 Be2 22. Rg1 Bf3+ 23. Rg2 Rxg2 24. h3 Rxf2+ 25. Kg1 Rxc2 26. Rf1 Rg2+ 27. Kh1
Rf2+ 28. Kg1 Rxf1+ 29. Kxf1 Rd8 30. Kf2 e4 31. a3 Rd3 32. a4 Rxe3 33. Kxe3 Kf7
34. Kf4 Kf6 35. h4 h6 36. h5 g5+ 37. hxg6 Kxg6 38. Kg3 Kg5 39. Kf2 Kf4 40. Kf1
Nd4 41. b4 Nc2 42. b5 axb5 43. axb5 Kg3 44. Kg1 Be2 45. b6 Nd4 46. Kh1 Ne6 47.
Kg1 Ng5 48. Kh1 h5 49. Kg1 Nh3+ 50. Kh1 Bf3# 0-1

[Event "Mistrzostwa Polski Mlodzikow do lat 10 - Chlopcy"]
[Site "Karpacz"]
[Date "1899-12-30"]
[Round "6.33"]
[White "Labedzki, Kamil"]
[Black "Stanik, Szymon"]
[Result "1-0"]
[WhiteTitle "II"]
[BlackTitle "II"]
[WhiteElo "1131"]
[BlackElo "1053"]

1. e4 c5 2. Nc3 a6 3. g3 e6 4. Bg2 d6 5. d3 Nf6 6. f4 Qb6 7. Nf3 Bd7 8. Rb1 Nc6
9. Be3 Qc7 10. O-O O-O-O 11. h3 Be7 12. Ne2 Rdf8 13. g4 e5 14. f5 d5 15. Ng3 Nd4
16. c3 Nc6 17. Qb3 d4 18. Bf2 g6 19. Ng5 Na5 20. Qc2 h6 21. Nf3 g5 22. Rfc1 Bd6
23. cxd4 exd4 24. e5 Bxe5 25. Nxe5 Qxe5 26. Qxc5+ Qxc5 27. Rxc5+ Nc6 28. Bxd4
Ne8 29. Bxh8 Rxh8 30. Bxc6 Bxc6 31. d4 Nc7 32. Rbc1 Rd8 33. Ne2 Nd5 34. Nc3 Nb4
35. Rc4 Nd3 36. Rc2 Kd7 37. d5 Bb5 38. Nxb5 axb5 39. Rc7+ Kd6 40. Rxf7 Kxd5 41.
Rxb7 b4 42. Rh7 Ke4 43. Rxh6 Kf3 44. Rd2 Ke3 45. Rc2 Ne1 46. Re6+ Kf3 47. Rxe1
Kg3 48. f6 Kxh3 49. f7 Kxg4 50. Re8 Rd1+ 51. Kg2 b3 52. f8=Q bxc2 53. Qf3+ Kh4
54. Qh3# 1-0

[Event "Mistrzostwa Polski Mlodzikow do lat 10 - Chlopcy"]
[Site "Karpacz"]
[Date "1899-12-30"]
[Round "7.1"]
[White "Klimkowski, Jan"]
[Black "Fiszer, Bartosz"]
[Result "1-0"]
[WhiteTitle "II"]
[BlackTitle "CM"]
[WhiteElo "1492"]
[BlackElo "1651"]

1. e4 c5 2. Nf3 Nc6 3. d4 cxd4 4. Nxd4 g6 5. Nc3 Bg7 6. Be3 Nf6 7. Nxc6 bxc6 8.
e5 Ng8 9. Bd4 Nh6 10. e6 O-O 11. Bxg7 Kxg7 12. Qd4+ f6 13. exd7 Qxd7 14. Qxd7
Bxd7 15. Bc4 Rfd8 16. O-O-O Nf7 17. Rhe1 e5 18. Ne4 Bf5 19. Bxf7 Kxf7 20. Nd6+
Ke6 21. Nxf5 Kxf5 22. Re3 Rxd1+ 23. Kxd1 Rb8 24. b3 Ke6 25. f4 Kd5 26. fxe5 fxe5
27. Rd3+ Ke6 28. Ke2 Rf8 29. Rc3 Kd5 30. Rd3+ Ke6 31. Rf3 Rd8 32. Rc3 Rd6 33.
Rd3 c5 34. Rxd6+ Kxd6 35. Kd3 Kd5 36. Ke3 a5 37. a3 g5 38. c3 h5 39. b4 axb4 40.
axb4 c4 41. h3 h4 42. Kf3 Ke6 43. Ke4 Kd6 44. b5 1-0

[Event "Mistrzostwa Polski Mlodzikow do lat 10 - Chlopcy"]
[Site "Karpacz"]
[Date "1899-12-30"]
[Round "7.2"]
[White "Dziewonski, Dariusz"]
[Black "Kejna, Piotr"]
[Result "1-0"]
[WhiteTitle "II+"]
[BlackTitle "CM"]
[WhiteElo "1476"]
[BlackElo "1441"]

1. e4 c5 2. Nf3 d6 3. d4 cxd4 4. Nxd4 Nf6 5. Nc3 a6 6. Bc4 e6 7. a3 b5 8. Ba2 Bb7
9. O-O Be7 10. Bxe6 O-O 11. Bd5 Qc7 12. Nf5 Nxd5 13. Nxd5 Bxd5 14. Qxd5 Nc6 15.
Qxc6 Qd8 16. Bf4 Bf6 17. Qxd6 Qe8 18. e5 Bd8 19. Qd5 Bc7 20. Nd6 Bxd6 21. exd6
Qd7 22. Rac1 Rfe8 23. h3 h6 24. Qd2 f6 25. c4 bxc4 26. Rxc4 Rac8 27. Rc7 Rxc7
28. dxc7 Qc8 29. Rd1 Kh7 30. Qd3+ f5 31. Qd8 Rxd8 32. cxd8=Q Qc4 33. Qd4 Qc6 34.
Qd3 Qc5 35. Qxa6 Qc2 36. Qd3 Qc5 37. b4 Qc8 38. b5 Qe6 39. Qd5 Qc8 40. b6 Qf8
41. b7 h5 42. b8=Q Qf6 43. Qbg8+ Kg6 44. Qd6 h4 45. Qxf6+ Kxf6 46. Rd6+ Ke7 47.
Qe6+ Kf8 48. Rd8# 1-0

[Event "Mistrzostwa Polski Mlodzikow do lat 10 - Chlopcy"]
[Site "Karpacz"]
[Date "1899-12-30"]
[Round "7.3"]
[White "Malinowski, Szymon"]
[Black "Madej, Marek"]
[Result "0-1"]
[WhiteTitle "II+"]
[BlackTitle "II+"]
[WhiteElo "1360"]
[BlackElo "1541"]

1. d4 d5 2. c4 dxc4 3. e4 e5 4. d5 Nf6 5. Nc3 b5 6. a3 Bb7 7. Bg5 Bc5 8. Nf3 Qd6
9. Be2 a6 10. Qd2 Nbd7 11. Rd1 h6 12. Be3 Bxe3 13. Qxe3 Ng4 14. Qd2 Nc5 15. Qc2
Nf6 16. Nd2 O-O 17. O-O Rad8 18. a4 Qb6 19. axb5 axb5 20. b3 cxb3 21. Nxb3 b4
22. Na2 Ncxe4 23. Bd3 Nd6 24. Nac1 e4 25. Bc4 Nxc4 26. Qxc4 Ba6 27. Qc5 Qxc5 28.
Nxc5 Bxf1 29. Kxf1 Rfe8 30. Rd3 exd3 31. Kg1 Re1# 0-1

[Event "Mistrzostwa Polski Mlodzikow do lat 10 - Chlopcy"]
[Site "Karpacz"]
[Date "1899-12-30"]
[Round "7.4"]
[White "Paszkowski, Krystian"]
[Black "Demski, Michal"]
[Result "1/2-1/2"]
[WhiteTitle "II"]
[BlackTitle "II"]
[WhiteElo "1365"]
[BlackElo "1305"]

1. d4 Nf6 2. c4 g6 3. Nf3 Bg7 4. Nc3 O-O 5. g3 d6 6. Bg2 Nbd7 7. O-O c5 8. e4 cxd4
9. Nxd4 Ne8 10. Be3 Nb6 11. b3 Bd7 12. Rc1 e5 13. Ndb5 Bxb5 14. Nxb5 a6 15. Nc3
Nd7 16. f4 exf4 17. Bxf4 Ne5 18. Bxe5 dxe5 19. Nd5 Nc7 20. Bh3 Nxd5 21. cxd5 Bh6
22. Rc2 Qg5 23. Qd3 Rad8 24. Rc7 Qe3+ 25. Qxe3 Bxe3+ 26. Kh1 b6 27. Rc6 f5 28.
exf5 Rxd5 29. f6 Rdd8 30. Re6 Bd4 31. Bg2 a5 32. Bc6 Bc3 33. Bb5 Bd4 34. Bc4 Kh8
35. Bb5 Kg8 36. Re7 e4 37. Rxe4 Rxf6 38. Rxf6 Bxf6 39. Re2 Kg7 40. Kg2 Rd5 41.
Bc4 1/2-1/2

[Event "Mistrzostwa Polski Mlodzikow do lat 10 - Chlopcy"]
[Site "Karpacz"]
[Date "1899-12-30"]
[Round "7.5"]
[White "Karwacki, Piotr"]
[Black "Grot, Blazej"]
[Result "1-0"]
[WhiteTitle "II+"]
[BlackTitle "II"]
[WhiteElo "1536"]
[BlackElo "1341"]

1. e4 e6 2. d4 d5 3. Nc3 Bb4 4. e5 c5 5. a3 Bxc3+ 6. bxc3 Ne7 7. h4 Nbc6 8. h5
Bd7 9. h6 g6 10. Nf3 Qc7 11. Ng5 cxd4 12. cxd4 Nf5 13. c3 Rc8 14. Bd2 Nd8 15.
g4 Ne7 16. Qf3 Nec6 17. Qf6 Rg8 18. Nxh7 Na5 19. Ng5 Nb3 20. h7 Rf8 21. h8=Q Nxd2
22. Qxf8+ Kxf8 23. Rh8# 1-0

[Event "Mistrzostwa Polski Mlodzikow do lat 10 - Chlopcy"]
[Site "Karpacz"]
[Date "1899-12-30"]
[Round "7.6"]
[White "Nowak, Filip"]
[Black "Grzadka, Artur"]
[Result "1/2-1/2"]
[WhiteTitle "II"]
[BlackTitle "II"]
[WhiteElo "1389"]
[BlackElo "1233"]

1. e4 c5 2. Nf3 d6 3. d4 cxd4 4. Nxd4 Nf6 5. Nc3 a6 6. Be3 Nbd7 7. f3 b5 8. Qd2
Bb7 9. O-O-O e6 10. Kb1 Be7 11. Bd3 Rc8 12. g4 Ne5 13. h4 d5 14. g5 Nfd7 15. f4
b4 16. Nxd5 exd5 17. fxe5 dxe4 18. e6 exd3 19. exf7+ Kxf7 20. Rhf1+ Kg8 21. Ne6
dxc2+ 22. Ka1 cxd1=Q+ 23. Rxd1 Qe8 24. Qxd7 Bc6 25. Qxe8+ Bxe8 26. Bd4 Bf8 27.
Rf1 Bf7 28. Nxf8 Kxf8 29. h5 Kg8 30. h6 gxh6 31. gxh6 Rc4 32. Bg7 Rg4 33. Be5
Rg5 34. Bd4 Rg6 35. b3 Be6 36. Be3 Rg3 37. Bc5 Bf7 38. Bxb4 Re3 39. Rg1+ Bg6 40.
Rf1 Re8 41. Bc3 Rd8 42. Bg7 Re8 43. Kb2 Rd8 44. Ka3 Rc8 45. Kb4 Rd8 46. a3 Rb8+
47. Kc3 Bf7 48. b4 Rc8+ 49. Kb2 Bg6 50. Rf2 Ra8 51. Kc3 1/2-1/2

[Event "Mistrzostwa Polski Mlodzikow do lat 10 - Chlopcy"]
[Site "Karpacz"]
[Date "1899-12-30"]
[Round "7.7"]
[White "Wiszniewski, Szymon"]
[Black "Adamala, Jacek"]
[Result "0-1"]
[WhiteTitle "II"]
[BlackTitle "II"]
[WhiteElo "1270"]
[BlackElo "1360"]

1. e4 c5 2. Nf3 d6 3. d4 cxd4 4. Nxd4 Nf6 5. Nc3 g6 6. Be3 Bg7 7. f3 O-O 8. Qd2
Nc6 9. O-O-O d5 10. Nxc6 bxc6 11. e5 Nd7 12. f4 e6 13. g4 f6 14. exf6 Nxf6 15.
Be2 Rb8 16. Rhg1 Ne4 17. Nxe4 Bxb2+ 18. Kb1 Bc3+ 19. Kc1 Bxd2+ 20. Rxd2 Qa5 21.
Bc5 Qxa2 22. Rd3 dxe4 23. Ra3 Qb2+ 24. Kd2 Rd8+ 25. Ke3 Qxc2 26. Bd4 Rb3+ 27.
Rxb3 Qxb3+ 28. Kxe4 Qd5+ 0-1

[Event "Mistrzostwa Polski Mlodzikow do lat 10 - Chlopcy"]
[Site "Karpacz"]
[Date "1899-12-30"]
[Round "7.8"]
[White "Doskocz, Karol"]
[Black "Wolski, Michal"]
[Result "1-0"]
[WhiteTitle "II"]
[BlackTitle "II"]
[WhiteElo "1311"]
[BlackElo "1165"]

1. c4 f5 2. d4 Nf6 3. Nc3 g6 4. Nf3 Bg7 5. g3 O-O 6. Bg2 d6 7. O-O Qe8 8. Bg5 h6
9. Bxf6 Bxf6 10. Nd5 Na6 11. Nxf6+ Rxf6 12. Qd2 Kh7 13. Rac1 Qf7 14. Rfd1 Qg7
15. b4 c6 16. b5 Nc7 17. a4 Bd7 18. Qb4 Raf8 19. Qa5 Ne6 20. bxc6 bxc6 21. Qxa7
Be8 22. Qb6 Bd7 23. a5 Bc8 24. Qxc6 g5 25. a6 Bxa6 26. Qxa6 h5 27. Qa7 h4 28.
c5 R8f7 29. c6 h3 30. Bh1 g4 31. Nh4 f4 32. d5 Ng5 33. c7 e5 34. Qb8 fxg3 35.
fxg3 Qh6 36. Rc3 Ne4 1-0

[Event "Mistrzostwa Polski Mlodzikow do lat 10 - Chlopcy"]
[Site "Karpacz"]
[Date "1899-12-30"]
[Round "7.9"]
[White "Zalega, Maciej"]
[Black "Krawczyk, Flawian"]
[Result "1-0"]
[WhiteTitle "II"]
[BlackTitle "II"]
[WhiteElo "1215"]
[BlackElo "1292"]

1. d4 Nf6 2. e3 g6 3. Bd3 Bg7 4. f4 d6 5. Nf3 O-O 6. O-O Nbd7 7. c4 c6 8. Nc3 Ne8
9. b3 c5 10. Bb2 Nc7 11. d5 f5 12. Qe2 Nf6 13. Rfe1 Na6 14. a3 Qb6 15. Qc2 Bd7
16. Re2 e6 17. dxe6 Bxe6 18. e4 Nxe4 19. Bxe4 fxe4 20. Na4 Qc7 21. Qxe4 Rae8 22.
Bxg7 Qxg7 23. Rae1 Re7 24. Qd3 Nc7 25. h3 Rxf4 26. Qxd6 Qf8 27. Nxc5 Rf6 28. Ng5
Qc8 29. Ngxe6 Nxe6 30. Qxe7 Qxc5+ 31. Qxc5 Nxc5 32. Re8+ Kg7 33. R1e7+ Rf7 34.
Rxf7+ Kxf7 35. Re3 1-0

[Event "Mistrzostwa Polski Mlodzikow do lat 10 - Chlopcy"]
[Site "Karpacz"]
[Date "1899-12-30"]
[Round "7.10"]
[White "Meers, Hubert"]
[Black "Jaskiewicz, Kacper"]
[Result "1-0"]
[WhiteTitle "I"]
[BlackTitle "II"]
[WhiteElo "1555"]
[BlackElo "1213"]

1. e4 e5 2. Nf3 Nc6 3. Bb5 d6 4. c3 Bd7 5. O-O Nf6 6. Re1 a6 7. Ba4 Be7 8. d4 Rb8
9. a3 b5 10. Bb3 Bg4 11. d5 Na5 12. Ba2 Qc8 13. Nbd2 Nb7 14. h3 Bh5 15. Nf1 Nc5
16. Ng3 Bg6 17. Bb1 h6 18. Nh4 Qd7 19. Nhf5 Bf8 20. f3 Nh5 21. Nxh5 Bxh5 22. Bc2
Bg6 23. b4 Na4 24. Bxa4 bxa4 25. Qd3 Bxf5 26. exf5 Qb5 27. c4 Qd7 28. f4 f6 29.
Be3 Be7 30. Rab1 O-O 31. Re2 Rb7 32. Qe4 Rfb8 33. Reb2 Kf7 34. fxe5 fxe5 35. Qg4
c6 36. Qg6+ Kf8 37. f6 Bxf6 38. dxc6 Qxc6 39. Bxh6 Qb6+ 40. Kh1 Rf7 41. Rf1 Qd8
42. Rbf2 Kg8 43. Rxf6 Qxf6 44. Rxf6 Rbb7 45. Rxf7 Rxf7 46. Kg1 e4 47. c5 dxc5
48. bxc5 e3 49. Bxe3 Rc7 50. Bd4 a5 51. c6 Re7 52. Qxg7+ Rxg7 53. Bxg7 Kxg7 54.
c7 Kg6 55. c8=Q Kg5 56. Qc6 Kf5 57. g4+ Kf4 58. Qd5 Ke3 59. g5 Kf4 60. g6 Ke3
61. g7 Kf4 62. g8=Q Ke3 63. Qg3+ Ke2 64. Qdd3# 1-0

[Event "Mistrzostwa Polski Mlodzikow do lat 10 - Chlopcy"]
[Site "Karpacz"]
[Date "1899-12-30"]
[Round "7.11"]
[White "Herwy, Jakub"]
[Black "Kopaniewski, Wojciech"]
[Result "1-0"]
[WhiteTitle "II"]
[BlackTitle "II"]
[WhiteElo "1207"]
[BlackElo "1370"]

1. e4 c6 2. d4 d5 3. Nc3 dxe4 4. Nxe4 Bf5 5. Ng3 Bg6 6. h4 h6 7. h5 Bh7 8. f4 e6
9. Nf3 c5 10. Bd3 Bxd3 11. Qxd3 Nc6 12. Be3 Nf6 13. Ne5 Qb6 14. Nc4 Qc7 15. dxc5
Rd8 16. Qe2 Nd4 17. Bxd4 Rxd4 18. Nf5 Rxc4 19. Qxc4 1-0

[Event "Mistrzostwa Polski Mlodzikow do lat 10 - Chlopcy"]
[Site "Karpacz"]
[Date "1899-12-30"]
[Round "7.12"]
[White "Trzebinski, Patryk"]
[Black "Krol, Jan"]
[Result "0-1"]
[WhiteTitle "II"]
[BlackTitle "II"]
[WhiteElo "1293"]
[BlackElo "1206"]

1. e4 c5 2. d4 cxd4 3. c3 dxc3 4. Nxc3 e6 5. Nf3 Nc6 6. Bc4 a6 7. O-O Qc7 8. Qe2
b5 9. Bb3 Bb4 10. Be3 Nf6 11. Bg5 Ng4 12. h3 Nd4 13. hxg4 Nxe2+ 14. Nxe2 Bb7 15.
Rac1 Qa5 16. Bf4 Qd8 17. Rc7 Bxe4 18. Rd1 Bxf3 19. gxf3 Rc8 20. Rb7 h5 21. g5
h4 22. g6 Qe7 23. Nd4 O-O 24. gxf7+ Rxf7 25. a3 Rxf4 26. Bxe6+ dxe6 27. Rxe7 Bxe7
28. Nxe6 Rxf3 29. Kg2 Rf6 30. Nd4 Rd8 31. Re1 Rxd4 32. Rxe7 Rd2 33. Re8+ Kh7 34.
Re5 Rdxf2+ 35. Kh3 Rh6 36. Re3 Rxb2 37. Re7 Rb3+ 38. Kh2 Rxa3 39. Ra7 h3 40. Ra8
Ra2+ 41. Kh1 Rc6 42. Rh8+ Kxh8 43. Kg1 Rc1# 0-1

[Event "Mistrzostwa Polski Mlodzikow do lat 10 - Chlopcy"]
[Site "Karpacz"]
[Date "1899-12-30"]
[Round "7.13"]
[White "Rylski, Tadeusz"]
[Black "Skrzypinski, Jan"]
[Result "1-0"]
[WhiteTitle "II"]
[BlackTitle "II"]
[WhiteElo "1241"]
[BlackElo "1088"]

1. e4 c5 2. Nf3 d6 3. d4 cxd4 4. Nxd4 Nf6 5. Nc3 g6 6. f3 Bg7 7. Be3 Nc6 8. Qd2
O-O 9. Nxc6 bxc6 10. Bh6 e6 11. O-O-O d5 12. e5 Nd7 13. Bxg7 Kxg7 14. Qf4 f6 15.
exf6+ Rxf6 16. Qg3 Qb6 17. h4 Rb8 18. Na4 Qb4 19. b3 Qf4+ 20. Qxf4 Rxf4 21. Bd3
c5 22. h5 c4 23. bxc4 dxc4 24. Be2 Ne5 25. g3 Rf7 26. h6+ Kf8 27. f4 Bb7 28. Rhe1
Nf3 29. Rf1 Be4 30. Bxf3 Bxf3 31. Rxf3 Rfb7 32. Kd2 Rb4 33. Nc5 Rd8+ 34. Ke2 Rxd1
35. Kxd1 Ke7 36. Re3 Rb6 37. Ra3 Rb1+ 38. Kd2 Rg1 39. Rxa7+ Kd6 40. Ne4+ Kd5 41.
Nf6+ Kd4 42. Rd7+ Kc5 43. Ne4+ Kb4 44. Rb7+ Ka3 45. Ra7+ Kb4 46. a3+ Kb5 47. Rxh7
Rg2+ 48. Kc3 Re2 49. Nd6+ Kc5 50. Nxc4 Rf2 51. Rd7 Rh2 52. h7 Kc6 53. Ne5+ Kc5
54. Nxg6 Kc6 55. Rg7 Rxh7 56. Rxh7 1-0

[Event "Mistrzostwa Polski Mlodzikow do lat 10 - Chlopcy"]
[Site "Karpacz"]
[Date "1899-12-30"]
[Round "7.14"]
[White "Gromek, Pawel"]
[Black "Kubaszewski, Piotr"]
[Result "1-0"]
[WhiteTitle "II"]
[BlackTitle "II"]
[WhiteElo "1231"]
[BlackElo "1180"]

1. d4 d5 2. Nf3 Nc6 3. Bf4 e6 4. a3 Nf6 5. e3 Be7 6. c4 O-O 7. Nc3 Bd6 8. Bg3 Bxg3
9. hxg3 Ne7 10. c5 Ng6 11. Bd3 Ng4 12. O-O f5 13. Nh2 Nf6 14. g4 fxg4 15. Nxg4
Nxg4 16. Qxg4 e5 17. Qg3 e4 18. Be2 c6 19. Bg4 Bxg4 20. Qxg4 Qc8 21. Qxc8 Rfxc8
22. b4 Rf8 23. a4 Ne7 24. b5 Rab8 25. bxc6 bxc6 26. Rfb1 Kf7 27. a5 Ke6 28. a6
Rfc8 29. Ne2 g5 30. Nc3 h6 31. Rb7 Ra8 32. Rab1 Kf6 33. Rd7 Rd8 34. Rbb7 Rxd7
35. Rxd7 Nf5 36. Na2 h5 37. Nb4 Ne7 38. Rc7 Rb8 39. Rb7 Ra8 40. Rc7 Rb8 41. Nxc6
Rb1+ 42. Kh2 Nf5 43. Nxa7 h4 44. Rc6+ Kg7 45. Nc8 g4 46. a7 g3+ 47. fxg3 hxg3+
48. Kh3 Rh1+ 49. Kg4 Nxe3+ 50. Kxg3 Nf5+ 51. Kf2 e3+ 52. Ke2 Nxd4+ 53. Kxe3 Nxc6
54. a8=Q Nd8 55. Qa7+ Kh8 56. Kf2 Rh7 57. Qa1+ Kg8 58. Qe5 Rf7+ 59. Kg1 Nb7 60.
Qxd5 Na5 61. Nd6 Kh7 62. Qxf7+ Kh6 63. Qg8 Kh5 64. Qg7 Kh4 65. Ne4 Nc4 66. Qg5#
1-0

[Event "Mistrzostwa Polski Mlodzikow do lat 10 - Chlopcy"]
[Site "Karpacz"]
[Date "1899-12-30"]
[Round "7.15"]
[White "Kusiak, Mateusz"]
[Black "Turowski, Maciej"]
[Result "1-0"]
[WhiteTitle "II"]
[BlackTitle "III"]
[WhiteElo "1221"]
[BlackElo "1259"]

1. e4 Nf6 2. e5 Nd5 3. c4 Nb6 4. c5 Nd5 5. Bc4 e6 6. Nc3 Nxc3 7. dxc3 Bxc5 8. Qg4
Bf8 9. Bg5 Be7 10. Bxe7 Qxe7 11. Qxg7 Qf8 12. Qxf8+ Rxf8 13. Nf3 Rg8 14. O-O-O
b6 15. Rdg1 Bb7 16. Be2 Nc6 17. g4 O-O-O 18. h4 Rdf8 19. g5 Nxe5 20. Nxe5 Bxh1
21. Rxh1 f6 22. gxf6 Rxf6 23. Ng4 Rf4 24. f3 Rgf8 25. Kd2 h5 26. Nf2 Ra4 27. Nd3
Rxa2 28. f4 e5 29. fxe5 Rf5 30. Ke3 c5 31. c4 Ra4 32. b3 Ra3 33. Rb1 Rf8 34. Bxh5
Rh8 35. Nf4 Ra2 36. Kf3 Rd2 37. Re1 a6 38. Kg4 Rd4 39. Bg6 Rg8 40. h5 Kd8 41.
Kg5 b5 42. cxb5 axb5 43. e6 Ke7 44. h6 Rxf4 45. h7 Rxg6+ 46. Kxg6 Rh4 47. exd7+
Kxd7 48. Re5 Kd6 49. Rh5 Rb4 50. h8=Q 1-0

[Event "Mistrzostwa Polski Mlodzikow do lat 10 - Chlopcy"]
[Site "Karpacz"]
[Date "1899-12-30"]
[Round "7.16"]
[White "Sniadecki, Oskar"]
[Black "Seemann, Jakub"]
[Result "1/2-1/2"]
[WhiteTitle "III"]
[BlackTitle "II+"]
[WhiteElo "1196"]
[BlackElo "1395"]

1. d4 Nf6 2. c4 e5 3. dxe5 Ng4 4. e4 Nxe5 5. f4 Ng6 6. a3 Be7 7. Nf3 Nc6 8. Be3
a5 9. Nc3 d6 10. Be2 O-O 11. O-O f5 12. Qd5+ Kh8 13. Nd4 Nxd4 14. Qxd4 Bf6 15.
Qd3 fxe4 16. Qxe4 Re8 17. Qd3 c5 18. Kh1 Bxc3 19. Qxc3 Qe7 20. Bd3 Bf5 21. Bxf5
Qxe3 22. Bxg6 Qxc3 23. bxc3 hxg6 24. Rab1 Re4 25. Rxb7 Rxc4 26. Rf3 Re8 27. h3
Re1+ 28. Kh2 Ra1 29. Re3 Rxf4 30. Ree7 Rxa3 31. Rxg7 Rxc3 32. Rgd7 Kg8 33. Rg7+
Kf8 34. Rgc7 Re3 35. Rh7 Kg8 36. Rhg7+ Kh8 37. Rh7+ Kg8 38. Rhg7+ Kf8 39. Rh7
Kg8 40. Rhg7+ Kh8 41. Rh7+ Kg8 1/2-1/2

[Event "Mistrzostwa Polski Mlodzikow do lat 10 - Chlopcy"]
[Site "Karpacz"]
[Date "1899-12-30"]
[Round "7.17"]
[White "Rog, Bartlomiej"]
[Black "Borowik, Wojciech"]
[Result "0-1"]
[WhiteTitle "III"]
[BlackTitle "II"]
[WhiteElo "1167"]
[BlackElo "1361"]

1. e4 e5 2. Nf3 Nc6 3. Bc4 Bc5 4. c3 Nf6 5. d4 exd4 6. cxd4 Bb4+ 7. Bd2 Bxd2+ 8.
Nbxd2 O-O 9. O-O d5 10. exd5 Nxd5 11. Re1 Bg4 12. Qb3 Nb6 13. Re4 Bxf3 14. Nxf3
Na5 15. Bxf7+ Rxf7 16. Qe6 Qd7 17. Rae1 Qxe6 18. Rxe6 Nc6 19. h3 Rd8 20. Ng5 Rff8
21. R1e3 h6 22. Rxc6 bxc6 23. Ne6 Rde8 24. Nxf8 Rxe3 25. fxe3 Kxf8 26. Kf2 Ke7
27. Kf3 Ke6 28. Ke4 Na4 29. g4 Nxb2 30. h4 g5 31. h5 Nd1 32. Kf3 Nc3 33. a3 Nb1
34. a4 a5 35. e4 Nc3 36. Ke3 Nxa4 37. Kd3 Nb6 38. Kc3 Kd6 39. Kb3 c5 40. e5+ Kd5
41. dxc5 Kxe5 42. cxb6 cxb6 43. Kb2 Kf4 44. Kc2 Kxg4 0-1

[Event "Mistrzostwa Polski Mlodzikow do lat 10 - Chlopcy"]
[Site "Karpacz"]
[Date "1899-12-30"]
[Round "7.18"]
[White "Jaworski, Tymon"]
[Black "Jarocki, Gabriel"]
[Result "0-1"]
[WhiteTitle "II"]
[BlackTitle "II"]
[WhiteElo "1166"]
[BlackElo "1241"]

1. e4 c5 2. Nf3 d6 3. d4 cxd4 4. Nxd4 Nf6 5. Nc3 a6 6. g3 e5 7. Nb3 Be7 8. Bg2
Be6 9. O-O O-O 10. Be3 b5 11. f4 Nbd7 12. Qe2 Bc4 13. Qf2 Bxf1 14. Qxf1 Qc7 15.
Qf2 Rac8 16. Rc1 Rb8 17. Ne2 Ng4 18. Qf3 Nxe3 19. Qxe3 Nb6 20. Qd3 Nc4 21. Rb1
Qb6+ 22. Kh1 Qe3 23. Nc3 Qxd3 24. cxd3 Nb6 25. Na5 Rbc8 26. Bh3 Rc7 27. Nd1 Bf6
28. Ne3 g6 29. Kg2 exf4 30. gxf4 Bd4 31. Nf1 Rc2+ 32. Kg3 Rxb2 33. Rxb2 Bxb2 34.
Ne3 Bd4 35. Nc2 Bg7 36. Ne3 Bd4 37. Nc2 Bc3 38. Nb3 d5 39. Nc5 dxe4 40. Nxe4 b4
41. Kf3 a5 42. Ke3 Nd5+ 43. Kf3 a4 44. Nc5 a3 45. Nb3 Rb8 46. Bd7 Bb2 47. Bc6
Nc3 48. d4 Nxa2 49. d5 Nc1 50. Nxb4 Rxb4 51. Nxc1 Bxc1 52. d6 Bxf4 53. d7 Bc7
54. Bd5 Ra4 55. Ba2 Rb4 56. Ke3 Rb2 57. Kd3 Rxa2 58. Kc3 Rb2 59. h4 h5 60. d8=Q+
Bxd8 61. Kd3 a2 62. Kc3 a1=Q 63. Kd3 Rb4 64. Ke3 Qa3+ 65. Kd2 Rb2+ 66. Kc1 Qa1#
0-1

[Event "Mistrzostwa Polski Mlodzikow do lat 10 - Chlopcy"]
[Site "Karpacz"]
[Date "1899-12-30"]
[Round "7.19"]
[White "Raclawicki, Tymoteusz"]
[Black "Filipiak, Adam"]
[Result "0-1"]
[WhiteTitle "III"]
[BlackTitle "III"]
[WhiteElo "1229"]
[BlackElo "1160"]

1. e4 d5 2. exd5 Nf6 3. Nf3 Nxd5 4. d4 c6 5. Bd3 Bg4 6. Be2 e6 7. O-O Bxf3 8. Bxf3
Bd6 9. c4 Nf6 10. d5 cxd5 11. cxd5 exd5 12. Bxd5 Nxd5 13. Re1+ Be7 14. Bg5 f6
15. Bh4 Nc6 16. Qh5+ g6 17. Qh6 Kf7 18. Nc3 Nxc3 19. bxc3 Bf8 20. Qe3 Kg7 21.
Rad1 Qc7 22. Bxf6+ Kxf6 23. Qe6+ Kg5 24. Rd5+ Kh6 25. Qh3+ Kg7 26. Rd7+ Qxd7 27.
Qxd7+ Kh6 28. Qxb7 Ba3 29. Qxc6 Rad8 30. Qc7 Rhe8 31. Rf1 Bb2 32. h4 Rc8 33. Qxa7
Bxc3 34. g4 Re4 35. g5+ Kh5 36. Qxh7+ Kg4 37. f3+ Kg3 38. fxe4 Bd4+ 39. Kh1 Rc2
40. Rf3+ Kxf3 41. Qb7 Rc1+ 42. Kh2 Be5+ 43. Kh3 Rh1# 0-1